|
|
|
|
| LEADER |
00000nam a22000007a 4500 |
| 003 |
Ucuenca |
| 005 |
20231021062720.0 |
| 008 |
180516b1990 mx ||||| |||| 00| 0 spa d |
| 020 |
|
|
|a 968-18-0366-3 (edición original)
|
| 020 |
|
|
|a 968-18-2945-x (edición completa)
|
| 020 |
|
|
|a 968-18-2947-6 (vol. 2)
|
| 040 |
|
|
|b spa
|
| 041 |
1 |
|
|a es
|
| 082 |
0 |
|
|a 574
|
| 100 |
1 |
|
|9 12823
|a Nason, Alvin
|
| 245 |
|
|
|a Biología: biblioteca científica y tecnológica
|c Alvin Nason y Robert L. Dehaan
|h imp
|
| 264 |
|
|
|a México
|b Ediciones Ciencia y Técnica
|c 1990
|
| 300 |
|
|
|a páginas: 201-427
|b ilu
|c 25 cm
|
| 490 |
|
|
|a Biología
|n Tomo 2
|
| 504 |
|
|
|a incl. ref.
|
| 505 |
0 |
|
|a Reproducción celular.-- Herencia: la transferencia de información.-- El mecanismo de la herencia.-- Herencia del hombre.-- Los genes y sus mecanismos de acción.--Desarrollo: la expresión de los genes.-- Reproducción humana.-- Principios de desarrollo.-- Plantas.-- Forma, función y reproducción.
|
| 650 |
|
0 |
|a Biología
|9 2601
|
| 650 |
|
7 |
|a Reproduccion humana
|9 52664
|
| 650 |
|
0 |
|9 91077
|a Reproducción celular
|
| 700 |
1 |
|
|9 189650
|a Dehaan, Robert L.
|
| 942 |
|
|
|2 ddc
|c CR
|z pablo.criollo@ucuenca.edu.ec
|
| 999 |
|
|
|c 154619
|d 154619
|